[Event "NB II. Breyer csoport"]
[Site "Tatabanya"]
[Date "2023.12.10"]
[Round "3.5"]
[White "Sinka, Csaba"]
[Black "Szanto, Levente"]
[Result "0-1"]
[WhiteElo "1998"]
[BlackElo "1909"]
[PlyCount "80"]
[EventDate "2023.10.08"]
[EventType "team-tourn"]
[EventRounds "9"]
[EventCountry "HUN"]
[Source "chess.hu"]
[WhiteTeam "Torokbalinti Sakk SE"]
[BlackTeam "Tatabanyai SC"]
[WhiteTeamCountry "HUN"]
[BlackTeamCountry "HUN"]

1. e4 c5 2. Nf3 d6 3. d4 cxd4 4. Nxd4 Nf6 5. Nc3 g6 6. Be3 a6 7. f3 Bg7 8. Qd2
b5 9. O-O-O Bb7 10. Kb1 Nbd7 11. g4 Ne5 12. g5 Nfd7 13. f4 Nc4 14. Bxc4 bxc4
15. h4 Nc5 16. Qg2 Rb8 17. Rhe1 Qb6 18. Bc1 Nxe4 19. Rxe4 Bxd4 20. Rdxd4 Qxd4
21. Rxd4 Bxg2 22. Rxc4 Kd7 23. Ra4 Rhc8 24. Ne2 Bf1 25. Re4 Rc6 26. Bd2 Rbc8
27. c3 Rc4 28. Re3 Re8 29. b3 Rc5 30. Ng3 Bh3 31. Kb2 Bf5 32. c4 e5 33. Nxf5
gxf5 34. Rh3 exf4 35. Bxf4 Re4 36. Bd2 Ke6 37. Bb4 Rc6 38. h5 f4 39. Bc3 Kf5
40. Rd3 Kxg5 0-1

[Event "NB II. Breyer csoport"]
[Site "Tatabanya"]
[Date "2023.12.10"]
[Round "3.7"]
[White "Kovacs, Andras"]
[Black "Korim, Zsolt"]
[Result "1-0"]
[WhiteElo "1663"]
[BlackElo "1731"]
[PlyCount "135"]
[EventDate "2023.10.08"]
[EventType "team-tourn"]
[EventRounds "9"]
[EventCountry "HUN"]
[Source "chess.hu"]
[WhiteTeam "Torokbalinti Sakk SE"]
[BlackTeam "Tatabanyai SC"]
[WhiteTeamCountry "HUN"]
[BlackTeamCountry "HUN"]

1. b3 d6 2. Bb2 Nd7 3. d4 Ngf6 4. Nf3 c5 5. e3 cxd4 6. exd4 b6 7. Be2 Bb7 8.
O-O Rc8 9. c4 e6 10. Nbd2 Be7 11. Rc1 O-O 12. Re1 Qc7 13. Qc2 d5 14. Qb1 Qb8
15. a3 a5 16. Bd3 h6 17. Be2 Ne4 18. cxd5 Nxd2 19. Nxd2 exd5 20. Nf3 Bd6 21.
Rxc8 Qxc8 22. Rc1 Qb8 23. Bb5 Nf6 24. Qd3 Bf4 25. Rc2 Rc8 26. g3 Rxc2 27. Qxc2
Bd6 28. Bd3 Qe8 29. Qe2 Ne4 30. Nd2 Qe6 31. Nf1 Qh3 32. f3 Nf6 33. Qg2 Qe6 34.
Qe2 Qc8 35. Ne3 g6 36. Qc2 Qe8 37. Qe2 Qf8 38. Nc2 h5 39. Qe3 Bc6 40. Qe1 Qg7
41. Bc1 g5 42. Qe3 g4 43. Qg5 gxf3 44. Qxg7+ Kxg7 45. Ne1 Bd7 46. Nxf3 Bg4 47.
Kg2 Ne4 48. Bxe4 dxe4 49. Nd2 e3 50. Nc4 e2 51. Kf2 Bc7 52. Ne3 b5 53. Nxg4
hxg4 54. Kxe2 a4 55. bxa4 bxa4 56. Bb2 f5 57. Bc1 Bd6 58. Kd3 Kf7 59. Kc4 Ke6
60. d5+ Kd7 61. Kb5 Be5 62. Bf4 Bd4 63. Kxa4 Bg1 64. Kb5 Bxh2 65. a4 Bg1 66. a5
Kc8 67. Kc6 Bd4 68. a6 1-0

[Event "NB II. Breyer csoport"]
[Site "Tatabanya"]
[Date "2023.12.10"]
[Round "3.8"]
[White "Lengyel, Sandor"]
[Black "Labancz, Janos"]
[Result "1-0"]
[WhiteElo "1684"]
[BlackElo "1658"]
[PlyCount "79"]
[EventDate "2023.10.08"]
[EventType "team-tourn"]
[EventRounds "9"]
[EventCountry "HUN"]
[Source "chess.hu"]
[WhiteTeam "Tatabanyai SC"]
[BlackTeam "Torokbalinti Sakk SE"]
[WhiteTeamCountry "HUN"]
[BlackTeamCountry "HUN"]

1. e4 c5 2. c3 d5 3. exd5 Qxd5 4. d4 cxd4 5. cxd4 Nf6 6. Nf3 e6 7. Bd3 Nc6 8.
Nc3 Qd8 9. O-O Be7 10. Bf4 a6 11. Rc1 O-O 12. Re1 Bd6 13. Bg5 h6 14. Bxf6 Qxf6
15. Ne4 Qd8 16. Bb1 Bf4 17. Qd3 g6 18. Rcd1 Nb4 19. Qb3 Nd5 20. g3 Bb8 21. Ne5
Ba7 22. Nc3 Kg7 23. Be4 Nxc3 24. bxc3 Rb8 25. Bb1 Qc7 26. Qc2 f5 27. a4 b5 28.
axb5 axb5 29. Qd3 Qd6 30. Ba2 Kf6 31. Rb1 b4 32. Nf3 bxc3 33. Rxb8 Bxb8 34.
Qxc3 Qc7 35. Qb3 Qd6 36. Qb2 Re8 37. d5+ e5 38. Rc1 Bd7 39. Nd2 Ba7 40. Nc4 1-0

[Event "NB II. Breyer csoport"]
[Site "Tatabanya"]
[Date "2023.12.10"]
[Round "3.9"]
[White "Nagy, Botond"]
[Black "Korodi, Mihaly"]
[Result "1-0"]
[WhiteElo "1717"]
[BlackElo "1648"]
[PlyCount "131"]
[EventDate "2023.10.08"]
[EventType "team-tourn"]
[EventRounds "9"]
[EventCountry "HUN"]
[Source "chess.hu"]
[WhiteTeam "Torokbalinti Sakk SE"]
[BlackTeam "Tatabanyai SC"]
[WhiteTeamCountry "HUN"]
[BlackTeamCountry "HUN"]

1. e4 g6 2. d4 Bg7 3. c4 d6 4. Nc3 e5 5. Nf3 Bg4 6. d5 Nd7 7. Be2 Ne7 8. O-O
Nb6 9. Be3 Bxf3 10. Bxf3 f5 11. c5 Nbc8 12. Qa4+ Qd7 13. Qc4 f4 14. Bd2 dxc5
15. Qxc5 Nd6 16. Rac1 b6 17. Qb4 O-O 18. Qb3 a5 19. a4 Kh8 20. Ne2 Nb7 21. Qc2
Rfc8 22. Nc3 Nd6 23. Be2 c6 24. Qd3 Nb7 25. dxc6 Qxd3 26. Bxd3 Nc5 27. Bb5 Nxc6
28. Bxc6 Rxc6 29. Nd5 Rd6 30. Nxb6 Rxb6 31. Rxc5 Rxb2 32. Bxa5 Ra2 33. Bc3
R2xa4 34. f3 Re8 35. Rd1 Ra6 36. Rdd5 Rae6 37. Kf2 Kg8 38. Ke2 h5 39. g3 g5 40.
gxf4 gxf4 41. Rd1 Rg6 42. Kf2 h4 43. Rg1 Rxg1 44. Kxg1 h3 45. Rd5 Bf6 46. Rd6
Kf7 47. Rd7+ Kg6 48. Rd5 Re6 49. Kf1 Re7 50. Rd6 Kf7 51. Rd5 Ke6 52. Rb5 Rc7
53. Rb3 Rc6 54. Ke2 Be7 55. Kd2 Bd6 56. Rb5 Rc7 57. Kd3 Rg7 58. Rb6 Rd7 59. Bb4
Ke7 60. Rxd6 Rxd6+ 61. Kc4 Kd7 62. Bxd6 Kxd6 63. Kb5 Kd7 64. Kc5 Ke7 65. Kd5
Kf6 66. Kd6 1-0

[Event "NB II. Breyer csoport"]
[Site "Tatabanya"]
[Date "2023.12.10"]
[Round "3.10"]
[White "Sandor, Viktor"]
[Black "Nagy, Levente"]
[Result "0-1"]
[WhiteElo "1760"]
[BlackElo "1627"]
[PlyCount "48"]
[EventDate "2023.10.08"]
[EventType "team-tourn"]
[EventRounds "9"]
[EventCountry "HUN"]
[Source "chess.hu"]
[WhiteTeam "Tatabanyai SC"]
[BlackTeam "Torokbalinti Sakk SE"]
[WhiteTeamCountry "HUN"]
[BlackTeamCountry "HUN"]

1. c4 e5 2. g3 Nc6 3. Bg2 g6 4. Nc3 Bg7 5. e3 Nge7 6. Nge2 O-O 7. O-O d6 8. a3
Be6 9. b3 d5 10. cxd5 Nxd5 11. Bb2 Qd7 12. Ne4 b6 13. b4 Bh3 14. Qa4 Bxg2 15.
Kxg2 Rfd8 16. Rac1 Nce7 17. Qb3 h6 18. d4 exd4 19. Bxd4 Bxd4 20. Nxd4 a5 21. b5
Rac8 22. Rfd1 c5 23. bxc6 Nxc6 24. Qxd5 Qxd5 0-1

[Event "NB II. Breyer csoport"]
[Site "Tatabanya"]
[Date "2023.12.10"]
[Round "3.11"]
[White "Pilis, Peter"]
[Black "Kovacs, Balazs"]
[Result "1/2-1/2"]
[WhiteElo "1514"]
[BlackElo "1781"]
[PlyCount "108"]
[EventDate "2023.10.08"]
[EventType "team-tourn"]
[EventRounds "9"]
[EventCountry "HUN"]
[Source "chess.hu"]
[WhiteTeam "Torokbalinti Sakk SE"]
[BlackTeam "Tatabanyai SC"]
[WhiteTeamCountry "HUN"]
[BlackTeamCountry "HUN"]

1. e4 d6 2. d4 Nf6 3. Bd3 g6 4. Ne2 Bg7 5. Ng3 Nc6 6. c3 h6 7. h3 e5 8. Be3 Nd7
9. d5 Ne7 10. c4 c6 11. O-O Qc7 12. Nc3 a6 13. Rc1 c5 14. Qd2 b6 15. b3 Bb7 16.
Bb1 O-O-O 17. a4 Rdf8 18. f4 exf4 19. Bxf4 Ne5 20. Be3 Kb8 21. Nce2 Bc8 22. b4
Bd7 23. a5 Kc8 24. axb6 Qxb6 25. bxc5 dxc5 26. Qa2 f5 27. exf5 Nxf5 28. Nxf5
Bxf5 29. Bxf5+ Rxf5 30. Rxf5 gxf5 31. Nf4 Nd7 32. Ne6 Be5 33. Rb1 Qd6 34. Qb3
Qb8 35. Qd3 Qd6 36. Qxf5 Rg8 37. Qf2 Bg3 38. Qb2 Qb8 39. Bxc5 Qxb2 40. Rxb2
Nxc5 41. Nxc5 Be5 42. Rd2 Bf4 43. Rd3 Bd6 44. Ne6 Kd7 45. Kf1 Rc8 46. Rc3 Be5
47. Rc2 Kd6 48. Ke2 a5 49. Kd3 Rb8 50. Nd4 Rb4 51. Ke4 Bh8 52. Ne6 a4 53. Nd4
Kc5 54. Ne6+ Kd6 1/2-1/2

[Event "NB II. Breyer csoport"]
[Site "Budapest"]
[Date "2023.12.10"]
[Round "3.1"]
[White "Ikanov, Imre"]
[Black "Virag, Balint"]
[Result "0-1"]
[WhiteElo "1962"]
[BlackElo "2127"]
[PlyCount "138"]
[EventDate "2023.10.08"]
[EventType "team-tourn"]
[EventRounds "9"]
[EventCountry "HUN"]
[Source "chess.hu"]
[WhiteTeam "NYVSE"]
[BlackTeam "MTK Budapest II."]
[WhiteTeamCountry "HUN"]
[BlackTeamCountry "HUN"]

1. e4 e5 2. Nf3 Nc6 3. Bb5 a6 4. Ba4 Nf6 5. O-O Nxe4 6. Re1 Nc5 7. Bxc6 dxc6 8.
Nxe5 Be7 9. d4 Ne6 10. Be3 O-O 11. Nc3 f6 12. Nf3 f5 13. d5 cxd5 14. Qxd5 Qxd5
15. Nxd5 Bd6 16. Ng5 h6 17. Nxe6 Bxe6 18. Nf4 Bf7 19. Nd3 Rfe8 20. a3 b6 21.
Bf4 Rxe1+ 22. Rxe1 Bxf4 23. Nxf4 Rd8 24. Nd3 c5 25. Kf1 Bc4 26. Rd1 Kf7 27. f4
Bxd3+ 28. cxd3 Ke6 29. Re1+ Kd5 30. Re5+ Kd4 31. Ke2 Rd6 32. Rxf5 c4 33. Rf7
cxd3+ 34. Kd2 g6 35. b3 Ke4 36. g3 Kf3 37. f5 Kg2 38. g4 Kxh2 39. Rg7 g5 40.
Rg6 Rd7 41. Rxh6+ Kg3 42. Rxb6 Kxg4 43. f6 Kf3 44. Rxa6 g4 45. Re6 Rf7 46. Kxd3
g3 47. Re7 g2 48. Re3+ Kf2 49. Re2+ Kf1 50. Rxg2 Kxg2 51. a4 Rxf6 52. a5 Rf4
53. Kc3 Kf3 54. b4 Ke4 55. Kc4 Ke5+ 56. Kc5 Ke6 57. b5 Kd7 58. a6 Kc7 59. b6+
Kb8 60. Kc6 Rf6+ 61. Kb5 Rf1 62. Kc6 Rc1+ 63. Kb5 Rb1+ 64. Kc6 Rc1+ 65. Kb5
Rb1+ 66. Kc6 Ra1 67. Kb5 Ra2 68. a7+ Kb7 69. Kc5 Ra6 0-1

[Event "NB II. Breyer csoport"]
[Site "Budapest"]
[Date "2023.12.10"]
[Round "3.2"]
[White "Molnar, Jozsef"]
[Black "Draga, Balazs"]
[Result "1-0"]
[WhiteElo "2039"]
[BlackElo "1965"]
[PlyCount "73"]
[EventDate "2023.10.08"]
[EventType "team-tourn"]
[EventRounds "9"]
[EventCountry "HUN"]
[Source "chess.hu"]
[WhiteTeam "MTK Budapest II."]
[BlackTeam "NYVSE"]
[WhiteTeamCountry "HUN"]
[BlackTeamCountry "HUN"]

1. e4 d6 2. d4 c6 3. Nc3 Qc7 4. Be3 e5 5. Bc4 Nf6 6. a4 a5 7. f3 Be7 8. Nge2
Na6 9. Qd2 Nb4 10. Bb3 Bd7 11. g4 Be6 12. d5 cxd5 13. exd5 Bd7 14. Ng3 Rc8 15.
h4 h6 16. Rh2 Bxg4 17. fxg4 Nxg4 18. Rh1 g6 19. h5 f5 20. Bg1 Bg5 21. Qe2 Qg7
22. Bb6 O-O 23. Nge4 fxe4 24. Qxg4 gxh5 25. Qxe4 Rf4 26. Qe2 Rcf8 27. Ne4 Qg6
28. Nxg5 hxg5 29. O-O-O g4 30. Rh2 g3 31. Qxh5 Qg7 32. Rg2 Rg4 33. Rh1 Rg5 34.
Qh6 Rf6 35. Qxg7+ Kxg7 36. Bd8 Rf2 37. Rxf2 1-0

[Event "NB II. Breyer csoport"]
[Site "Budapest"]
[Date "2023.12.10"]
[Round "3.3"]
[White "Kovacs, Milan"]
[Black "Varga, Boldizsar"]
[Result "1-0"]
[WhiteElo "2026"]
[BlackElo "1992"]
[PlyCount "113"]
[EventDate "2023.10.08"]
[EventType "team-tourn"]
[EventRounds "9"]
[EventCountry "HUN"]
[Source "chess.hu"]
[WhiteTeam "NYVSE"]
[BlackTeam "MTK Budapest II."]
[WhiteTeamCountry "HUN"]
[BlackTeamCountry "HUN"]

1. e4 c5 2. Nc3 Nc6 3. g3 d6 4. Bg2 Nf6 5. f4 e6 6. Nf3 Be7 7. d3 Qc7 8. O-O
Rb8 9. a4 a6 10. h3 O-O 11. g4 b5 12. axb5 axb5 13. Ne2 Nd7 14. Kh1 f5 15. Ng3
Nb6 16. Qe2 d5 17. exf5 exf5 18. gxf5 Bd6 19. Ng5 Nd4 20. Qh5 h6 21. Ne6 Nxe6
22. fxe6 Bxe6 23. Qf3 Rf6 24. Nh5 Rf7 25. Bd2 Rbf8 26. Qg3 Kh7 27. Qh4 Be7 28.
Qe1 Qd7 29. Ra6 Bd8 30. Ba5 Qb7 31. Rxb6 Bxb6 32. Qxe6 Bxa5 33. Bxd5 Qe7 34.
Be4+ Kg8 35. Qg6 Rf6 36. Qh7+ Kf7 37. Qxg7+ Ke6 38. f5+ Kd6 39. Qxe7+ Kxe7 40.
Nxf6 Kxf6 41. Ra1 Bd2 42. Kg2 Ke5 43. Kf3 Rf6 44. Ra8 Rd6 45. Rb8 b4 46. Rc8
Kd4 47. h4 Bc1 48. c3+ bxc3 49. bxc3+ Kxc3 50. Rxc5+ Kd2 51. Rxc1 Kxc1 52. Kf4
Kd2 53. Ke5 Ra6 54. f6 Ra5+ 55. Ke6 Ra6+ 56. Ke7 Ra7+ 57. Ke8 1-0

[Event "NB II. Breyer csoport"]
[Site "Budapest"]
[Date "2023.12.10"]
[Round "3.4"]
[White "Thierry, Edvard"]
[Black "Gal, Lajos"]
[Result "1/2-1/2"]
[WhiteElo "1846"]
[BlackElo "1804"]
[PlyCount "77"]
[EventDate "2023.10.08"]
[EventType "team-tourn"]
[EventRounds "9"]
[EventCountry "HUN"]
[Source "chess.hu"]
[WhiteTeam "MTK Budapest II."]
[BlackTeam "NYVSE"]
[WhiteTeamCountry "HUN"]
[BlackTeamCountry "HUN"]

1. e4 d5 2. exd5 Nf6 3. d4 Nxd5 4. c4 Nb6 5. Nc3 e6 6. Bf4 Bd6 7. Be3 Be7 8.
Nf3 O-O 9. Bd3 a5 10. Qc2 h6 11. h4 Na6 12. a3 c5 13. O-O-O Kh8 14. Qd2 cxd4
15. Bxd4 Bf6 16. Bxf6 Qxf6 17. Ne4 Qf5 18. Qe3 Na4 19. Nc3 Nxc3 20. Bxf5 Nxd1
21. Rxd1 exf5 22. Qb6 Be6 23. Ne5 a4 24. Rd6 Rfc8 25. Qxb7 Nc5 26. Qf3 Rab8 27.
Kb1 Rb3 28. Nxf7+ Kg8 29. Nxh6+ gxh6 30. Qh5 Kg7 31. g4 Rcb8 32. gxf5 Rxb2+ 33.
Kc1 Rb1+ 34. Kd2 Ne4+ 35. Ke3 Nxd6 36. Qg6+ Kf8 37. Qxh6+ Kg8 38. Qg6+ Kh8 39.
Qh6+ 1/2-1/2

[Event "NB II. Breyer csoport"]
[Site "Budapest"]
[Date "2023.12.10"]
[Round "3.5"]
[White "Balazs, Andras"]
[Black "Yip, Michael"]
[Result "1/2-1/2"]
[WhiteElo "1874"]
[BlackElo "1846"]
[PlyCount "57"]
[EventDate "2023.10.08"]
[EventType "team-tourn"]
[EventRounds "9"]
[EventCountry "HUN"]
[Source "chess.hu"]
[WhiteTeam "NYVSE"]
[BlackTeam "MTK Budapest II."]
[WhiteTeamCountry "HUN"]
[BlackTeamCountry "HUN"]

1. e4 c6 2. d4 d5 3. Nd2 dxe4 4. Nxe4 Nf6 5. Ng3 Nbd7 6. Bc4 e6 7. Nf3 Bd6 8.
Ng5 Nb6 9. Bb3 Qc7 10. Qe2 O-O 11. Nh5 Nbd5 12. g3 Nxh5 13. Qxh5 Nf6 14. Qe2 h6
15. Nf3 b6 16. Ne5 Bd7 17. Nc4 Rae8 18. f4 c5 19. Nxd6 Qxd6 20. dxc5 Qxc5 21.
Be3 Qf5 22. O-O-O e5 23. Qa6 Ng4 24. Rhe1 Nxe3 25. Rxe3 exf4 26. Rxe8 Rxe8 27.
Qxa7 Be6 28. Qa4 b5 29. Bxe6 1/2-1/2

[Event "NB II. Breyer csoport"]
[Site "Budapest"]
[Date "2023.12.10"]
[Round "3.6"]
[White "Horvath, Andras"]
[Black "Balonyi, Roland"]
[Result "1-0"]
[WhiteElo "1906"]
[BlackElo "1763"]
[PlyCount "83"]
[EventDate "2023.10.08"]
[EventType "team-tourn"]
[EventRounds "9"]
[EventCountry "HUN"]
[Source "chess.hu"]
[WhiteTeam "MTK Budapest II."]
[BlackTeam "NYVSE"]
[WhiteTeamCountry "HUN"]
[BlackTeamCountry "HUN"]

1. e4 c5 2. Nf3 d6 3. d4 cxd4 4. Nxd4 Nf6 5. Nc3 a6 6. h3 e5 7. Nde2 Be6 8. g4
h6 9. Bg2 Be7 10. Be3 Nc6 11. O-O Qc7 12. Ng3 g6 13. Qd2 Na5 14. Bxh6 Nc4 15.
Qc1 Nd7 16. b3 Na5 17. Nd5 Bxd5 18. exd5 b5 19. Ne4 Nb7 20. Bg5 f6 21. Be3 f5
22. Ng5 Bxg5 23. Bxg5 f4 24. Re1 Kf7 25. Bxf4 Rac8 26. Bg5 Qxc2 27. Qe3 Qc5 28.
Qf3+ Kg7 29. Be3 Qc7 30. Rac1 Qa5 31. Qe2 Nf6 32. f4 exf4 33. Bxf4 Rhe8 34. Qf2
Rxc1 35. Rxc1 Nc5 36. g5 Nfe4 37. Qd4+ Kg8 38. b4 Qxa2 39. bxc5 dxc5 40. Qe3
Nd6 41. Qxc5 Nf5 42. d6 1-0

[Event "NB II. Breyer csoport"]
[Site "Budapest"]
[Date "2023.12.10"]
[Round "3.7"]
[White "Meszaros, Vilmos"]
[Black "Broderick, Tamas"]
[Result "1/2-1/2"]
[WhiteElo "1703"]
[BlackElo "1854"]
[PlyCount "80"]
[EventDate "2023.10.08"]
[EventType "team-tourn"]
[EventRounds "9"]
[EventCountry "HUN"]
[Source "chess.hu"]
[WhiteTeam "NYVSE"]
[BlackTeam "MTK Budapest II."]
[WhiteTeamCountry "HUN"]
[BlackTeamCountry "HUN"]

1. e4 c5 2. Nf3 Nc6 3. d4 cxd4 4. Nxd4 Nf6 5. Nc3 e6 6. Be3 Bb4 7. Bd3 d5 8.
Nxc6 bxc6 9. exd5 exd5 10. Bd2 O-O 11. O-O Bg4 12. f3 Bf5 13. a3 Bd6 14. b4 Bg6
15. Bxg6 hxg6 16. g3 Qd7 17. Kg2 Rfe8 18. Re1 Re6 19. Rxe6 fxe6 20. Bg5 Kf7 21.
Qd3 e5 22. Bxf6 gxf6 23. h4 f5 24. Rd1 Be7 25. b5 Qe6 26. bxc6 d4 27. Ne2 Qxc6
28. Qb3+ Kg7 29. Rb1 Rc8 30. Rb2 Qc4 31. Qd3 Qxd3 32. cxd3 Kf6 33. a4 Bd6 34.
f4 Rb8 35. Rxb8 Bxb8 36. Kf3 a6 37. fxe5+ Bxe5 38. Nf4 Bd6 39. Nd5+ Ke6 40.
Nf4+ Kf6 1/2-1/2

[Event "NB II. Breyer csoport"]
[Site "Budapest"]
[Date "2023.12.10"]
[Round "3.8"]
[White "Toth, Rafael"]
[Black "Kiss, Istvan"]
[Result "1-0"]
[WhiteElo "1749"]
[BlackElo "1692"]
[PlyCount "71"]
[EventDate "2023.10.08"]
[EventType "team-tourn"]
[EventRounds "9"]
[EventCountry "HUN"]
[Source "chess.hu"]
[WhiteTeam "MTK Budapest II."]
[BlackTeam "NYVSE"]
[WhiteTeamCountry "HUN"]
[BlackTeamCountry "HUN"]

1. e4 d6 2. d4 Nf6 3. Nc3 g6 4. Nf3 Bg7 5. Bc4 O-O 6. O-O Nxe4 7. Nxe4 d5 8.
Bd3 dxe4 9. Bxe4 c6 10. c3 Bg4 11. Re1 Nd7 12. Bg5 Nf6 13. Bc2 Re8 14. h3 Bxf3
15. Qxf3 Qd5 16. Qe3 e6 17. Bb3 Qd7 18. Rad1 Nd5 19. Qf3 a5 20. a3 a4 21. Ba2
Ra5 22. Bh4 Ne7 23. g4 Rb5 24. Re2 Ra5 25. Bf6 Nd5 26. Bxg7 Kxg7 27. c4 Ne7 28.
Red2 f6 29. Qc3 Ra6 30. d5 exd5 31. cxd5 Nxd5 32. Bxd5 cxd5 33. Rxd5 Qe6 34.
Rd7+ Kh6 35. g5+ Kxg5 36. Qg3+ 1-0

[Event "NB II. Breyer csoport"]
[Site "Budapest"]
[Date "2023.12.10"]
[Round "3.9"]
[White "Forgacs, Arpad"]
[Black "Gondor, Jakab"]
[Result "0-1"]
[WhiteElo "1565"]
[BlackElo "1765"]
[PlyCount "70"]
[EventDate "2023.10.08"]
[EventType "team-tourn"]
[EventRounds "9"]
[EventCountry "HUN"]
[Source "chess.hu"]
[WhiteTeam "NYVSE"]
[BlackTeam "MTK Budapest II."]
[WhiteTeamCountry "HUN"]
[BlackTeamCountry "HUN"]

1. d4 Nf6 2. Nf3 g6 3. Bf4 Bg7 4. e3 O-O 5. Bd3 d5 6. Nbd2 b6 7. Qe2 c5 8. c3
Bb7 9. h3 Nbd7 10. O-O Re8 11. Rfe1 Ne4 12. Ng5 e5 13. dxe5 Nxg5 14. Qg4 Ne6
15. Nf3 Nef8 16. Bb5 a6 17. Bxd7 Nxd7 18. Qg3 h6 19. h4 Qe7 20. Rad1 Nxe5 21.
Rd2 Nxf3+ 22. gxf3 Be5 23. Bxe5 Qxe5 24. f4 Qe6 25. Kh2 Rad8 26. Rg1 Qf5 27.
Rgd1 Re4 28. b3 Qf6 29. Rd3 c4 30. Rd4 Rxd4 31. Rxd4 cxb3 32. axb3 Rc8 33. c4
dxc4 34. bxc4 Qc6 35. Qg1 Qe6 0-1

[Event "NB II. Breyer csoport"]
[Site "Budapest"]
[Date "2023.12.10"]
[Round "3.10"]
[White "Kiss, Inez"]
[Black "Grinacz, Aba Samuel"]
[Result "1-0"]
[WhiteElo "1522"]
[BlackElo "1468"]
[PlyCount "65"]
[EventDate "2023.10.08"]
[EventType "team-tourn"]
[EventRounds "9"]
[EventCountry "HUN"]
[Source "chess.hu"]
[WhiteTeam "MTK Budapest II."]
[BlackTeam "NYVSE"]
[WhiteTeamCountry "HUN"]
[BlackTeamCountry "HUN"]

1. e4 e5 2. Nf3 Nc6 3. Bc4 Be7 4. O-O Nf6 5. d4 d5 6. exd5 Nxd5 7. Bxd5 Qxd5 8.
Nc3 Qd8 9. d5 Nb8 10. Nxe5 O-O 11. Be3 Nd7 12. Nxd7 Qxd7 13. Ne2 b6 14. c4 Bb7
15. Bd4 c5 16. Bc3 Bd6 17. f4 Rae8 18. Qd3 f6 19. Rae1 a6 20. Rf3 b5 21. Rh3 f5
22. b3 b4 23. Bb2 Re4 24. Re3 Rxe3 25. Qxe3 Re8 26. Qg3 Qe7 27. Kf1 Qc7 28. Nc1
Re7 29. Nd3 Kf8 30. Ne5 Bc8 31. Qh4 Bxe5 32. Bxe5 Qb6 33. Qxe7+ 1-0

[Event "NB II. Breyer csoport"]
[Site "Budapest"]
[Date "2023.12.10"]
[Round "3.11"]
[White "Klinga, Matyas"]
[Black "Shen, Yiyun"]
[Result "0-1"]
[WhiteElo "1239"]
[BlackElo "1462"]
[PlyCount "70"]
[EventDate "2023.10.08"]
[EventType "team-tourn"]
[EventRounds "9"]
[EventCountry "HUN"]
[Source "chess.hu"]
[WhiteTeam "NYVSE"]
[BlackTeam "MTK Budapest II."]
[WhiteTeamCountry "HUN"]
[BlackTeamCountry "HUN"]

1. e4 Nf6 2. Nc3 d5 3. exd5 Nxd5 4. d4 e6 5. g3 Bb4 6. Nge2 Nxc3 7. bxc3 Qd5 8.
Rg1 Ba5 9. Bg2 Qc4 10. Qd3 Qa4 11. Bd2 O-O 12. c4 Bxd2+ 13. Kxd2 Rd8 14. Qb3
Qa5+ 15. Kc1 Nc6 16. Rd1 Qg5+ 17. Qe3 Qf6 18. f4 Bd7 19. c3 Na5 20. Qd3 Ba4 21.
Re1 Qe7 22. c5 Rab8 23. Kd2 b6 24. cxb6 axb6 25. Ke3 c5 26. Kf2 Qd7 27. Qe3
cxd4 28. cxd4 Bb5 29. Red1 Bc6 30. Rac1 Bxg2 31. Kxg2 Qd5+ 32. Kg1 Qxa2 33. Rd2
Qd5 34. Nc3 Qd7 35. Qd3 Nb3 0-1

[Event "NB II. Breyer csoport"]
[Site "Budapest"]
[Date "2023.12.10"]
[Round "3.12"]
[White "Toth, Jonatan"]
[Black "Csorba, Zalan"]
[Result "0-1"]
[WhiteElo "1183"]
[BlackElo "1203"]
[PlyCount "48"]
[EventDate "2023.10.08"]
[EventType "team-tourn"]
[EventRounds "9"]
[EventCountry "HUN"]
[Source "chess.hu"]
[WhiteTeam "MTK Budapest II."]
[BlackTeam "NYVSE"]
[WhiteTeamCountry "HUN"]
[BlackTeamCountry "HUN"]

1. e4 e5 2. Nf3 Nc6 3. Bb5 d6 4. d4 Bg4 5. h3 Bh5 6. c4 a6 7. Bxc6+ bxc6 8. b3
g6 9. g4 Bg7 10. gxh5 exd4 11. Bb2 Qe7 12. Qe2 d3 13. Qxd3 Bxb2 14. Nc3 Bxa1
15. Qc2 Qf6 16. Ke2 Bxc3 17. hxg6 hxg6 18. Qd3 Kd7 19. c5 Re8 20. Kd1 Rh5 21.
Kc2 Rxc5 22. Kb1 d5 23. e5 Bxe5 24. Nxe5+ Rxe5 0-1

[Event "NB II. Breyer csoport"]
[Site "Szekesfehervar"]
[Date "2023.12.10"]
[Round "3.1"]
[White "Grimm, Daniel"]
[Black "Kiss, Viktor"]
[Result "1/2-1/2"]
[WhiteElo "2298"]
[BlackElo "2180"]
[PlyCount "63"]
[EventDate "2023.10.08"]
[EventType "team-tourn"]
[EventRounds "9"]
[EventCountry "HUN"]
[Source "chess.hu"]
[WhiteTeam "Barcza - BEAC I."]
[BlackTeam "Fehervar SE"]
[WhiteTeamCountry "HUN"]
[BlackTeamCountry "HUN"]

1. e4 c6 2. d4 d5 3. Nd2 dxe4 4. Nxe4 Bf5 5. Ng3 Bg6 6. Nh3 e6 7. Nf4 Bd6 8.
Ngh5 Bxh5 9. Nxh5 g6 10. Ng3 Nf6 11. Bh6 Nbd7 12. Qf3 Qa5+ 13. c3 Qd5 14. Be2
Qxf3 15. Bxf3 Bf8 16. Bd2 Bg7 17. O-O-O O-O 18. Rhe1 a5 19. Ne4 Nxe4 20. Bxe4
Nf6 21. Bf3 Nd5 22. g3 b5 23. Re2 Rfc8 24. Kb1 Nb6 25. Bf4 Ra7 26. h4 h6 27.
Be5 Bf8 28. Rc2 Be7 29. Bf4 Kg7 30. Be5+ Kg8 31. Bf4 Kg7 32. Be5+ 1/2-1/2

[Event "NB II. Breyer csoport"]
[Site "Szekesfehervar"]
[Date "2023.12.10"]
[Round "3.2"]
[White "Albrecht, Gabor"]
[Black "Farkas, Richard"]
[Result "0-1"]
[WhiteElo "2117"]
[BlackElo "2232"]
[PlyCount "84"]
[EventDate "2023.10.08"]
[EventType "team-tourn"]
[EventRounds "9"]
[EventCountry "HUN"]
[Source "chess.hu"]
[WhiteTeam "Fehervar SE"]
[BlackTeam "Barcza - BEAC I."]
[WhiteTeamCountry "HUN"]
[BlackTeamCountry "HUN"]

1. e4 c5 2. Nf3 e6 3. d4 cxd4 4. Nxd4 a6 5. Nc3 Qc7 6. Bd3 Nf6 7. O-O d6 8. Qe2
Nbd7 9. a4 g6 10. Bg5 Bg7 11. Rad1 O-O 12. Kh1 h6 13. Bh4 Nh5 14. Qe3 g5 15.
Bg3 Nxg3+ 16. fxg3 Qb6 17. Nce2 Ne5 18. h4 Qd8 19. Nf3 Nxf3 20. Rxf3 Be5 21. g4
Bd7 22. Rdf1 Bxa4 23. Rh3 Be8 24. Nd4 Qe7 25. Qf2 Rc8 26. Nf3 f6 27. c3 Kg7 28.
Bb1 Bg6 29. Nd4 b5 30. Ba2 Bxd4 31. Qxd4 Rc5 32. Rd1 Rd8 33. Rhd3 Re5 34. Re3
Qb7 35. Bb1 Qc7 36. h5 Bh7 37. Rf1 d5 38. Qd2 dxe4 39. Qf2 Qe7 40. Qe1 f5 41.
c4 bxc4 42. Qc3 Qc5 0-1

[Event "NB II. Breyer csoport"]
[Site "Szekesfehervar"]
[Date "2023.12.10"]
[Round "3.3"]
[White "Horvath, Andras"]
[Black "Papagorasz, Takisz"]
[Result "1/2-1/2"]
[WhiteElo "2258"]
[BlackElo "2115"]
[PlyCount "51"]
[EventDate "2023.10.08"]
[EventType "team-tourn"]
[EventRounds "9"]
[EventCountry "HUN"]
[Source "chess.hu"]
[WhiteTeam "Barcza - BEAC I."]
[BlackTeam "Fehervar SE"]
[WhiteTeamCountry "HUN"]
[BlackTeamCountry "HUN"]

1. d4 Nf6 2. c4 e6 3. g3 d5 4. Bg2 Bb4+ 5. Bd2 Be7 6. Nf3 b6 7. O-O Bb7 8. Qc2
Nbd7 9. cxd5 exd5 10. Bf4 c6 11. Nc3 O-O 12. Rad1 Re8 13. Rfe1 Bb4 14. a3 Bxc3
15. Qxc3 Ne4 16. Qc2 Qe7 17. Ne5 Nxe5 18. Bxe5 c5 19. Bf4 c4 20. f3 Nf6 21. Bg5
h6 22. Bf4 b5 23. Be5 Nd7 24. Bf4 Nf6 25. Be5 Nd7 26. Bf4 1/2-1/2